000 00665nam a2200217 a 4500
005 20240913063829.0
008 010921s1969 r 000 0 eng d
035 _aUPN01000111838
049 _aCG
050 4 _aJC481
_bK6.38
100 1 _aKornhauser, William.
245 1 0 _aAspectos políticos de la sociedad de masas /
_cWilliam Kornhauser ; tr. Marta Silva.
260 _aBuenos Aires :
_bAmorrortu,
_c1969.
300 _a243 p.
440 0 _aBiblioteca de sociología
534 _pTraducción de:
_tThe politics of Mass Society
650 4 _aTotalitarismo
_915229
650 4 _aDemocracia
_96020
650 4 _aSociedad de masas
_917349
905 _aLibro
999 _c85746
_d85746